Новые методы хозяйствования и аттестации рабочих мест... 1984-1986 гг. (Запись № 6785243)

Подробности
000 -МАРКЕР
контрольное поле 01069nam2a22002291 4500
001 - ИДЕНТИФИКАТОР ЗАПИСИ
контрольное поле rc\675947
005 - ИДЕНТИФИКАТОР ВЕРСИИ
контрольное поле 20250621222539.0
035 ## - ДРУГИЕ СИСТЕМНЫЕ НОМЕРА
Идентификатор записи (NLR Aleph) 005953442
100 ## - ДАННЫЕ ОБЩЕЙ ОБРАБОТКИ
Данные общей обработки 20031121d1986 |||y0rusy50 ca
101 0# - ЯЗЫК РЕСУРСА
Язык текста, звукозаписи и т.д. русский
102 ## - СТРАНА ПУБЛИКАЦИИ ИЛИ ПРОИЗВОДСТВА
Страна публикации российская федерация
105 ## - ПОЛЕ КОДИРОВАННЫХ ДАННЫХ: ТЕКСТОВЫЕ МАТЕРИАЛЫ, МОНОГРАФИЧЕСКИЕ
Кодированные данные о монографическом текстовом документе y |||||||||
200 0# - ЗАГЛАВИЕ И СВЕДЕНИЯ ОБ ОТВЕТСТВЕННОСТИ
Основное заглавие 1984-1986 гг.
Первые сведения об ответственности Сост. Красницкая Н.М.
210 ## - ПУБЛИКАЦИЯ, РАСПРОСТРАНЕНИЕ И ДР.
Дата издания, распространения и т.д. 1986
Место издания, распространения и т.д. Б. м.
215 ## - ФИЗИЧЕСКАЯ ХАРАКТЕРИСТИКА
Специфическое обозначение материала и объем 32 л.
461 #0 - УРОВЕНЬ НАБОРА
Встроенное поле 001rc\675946
-- 2001#$aНовые методы хозяйствования и аттестации рабочих мест...$fОНТИ ЦПКТБ Дальрыбы, Информ. центр Дальневост. бассейна$v1984-1986 гг.
Системный номер (АБИС) связанной записи 6785235
Место публикации Владивосток
Дата публикации 1986
Первые сведения об ответственности ОНТИ ЦПКТБ Дальрыбы, Информ. центр Дальневост. бассейна
Имя издателя, распространителя и т.д. Б. и.
Заглавие Новые методы хозяйствования и аттестации рабочих мест...
Номер тома 1984-1986 гг.
801 #0 - ИСТОЧНИК ЗАПИСИ
Страна российская федерация
Организация NLR
Правила каталогизации psbo
801 #1 - ИСТОЧНИК ЗАПИСИ
Страна российская федерация
Организация ELAR
Источник данных rusmarc
852 ## - МЕСТОНАХОЖДЕНИЕ И ШИФР ХРАНЕНИЯ
Идентификатор организации NLR
Наименование фонда или коллекции (Sub-Location Identifier) С
Шифр хранения (Call Number) К-5/168
942 ## - ДОПОЛНИТЕЛЬНЫЕ ЭЛЕМЕНТЫ ЗАПИСИ (АБИС)
Тип экземпляра АБИС Книга
980 ## - КОЛЛЕКЦИЯ
Название коллекции Национальная библиография
Экземпляры
Тип экземпляра Дата поступления Библиотека постоянного хранения Библиотека текущего хранения Место хранения Шифр хранения Штрих-код Статус не для выдачи
Книга 26.10.2013 РНБ (Московский) РНБ (Московский) Центральная справочная библиотека С К-5/168 1-2090898